000
00299nam a22001337a 4500
003
SGT
082
_a
617
_b
R98J
100
_a
JOHNSON, C.D.
245
_a
RECENT ADVANCES IN SURGERY-21
260
_a
EDINBURGH
_b
CHURCHILL PUB
_c
1998
300
_a
232
650
_a
GENERAL SURGERY
942
_2
ddc
_c
RARE
999
_c
22334
_d
22334